00281nam a2200109Ia 4500008004100000082001600041100001900057245004500076260002500121300001000146650001500156150201s2012 xx 000 0 und d a618.2bB12K aKONAR, HIRALAL aBEDSIDE CLINICS &VIVA-VOCE IN OBSTETRICS bNCBAaCALCUTTAc2012 a1-552 aOBSTETRICS